Eastern Worker

Detalles Bibliográficos
Formato: Revista
Lenguaje:inglés
Publicado: Karachi : AsiaNet Pakistan (Pvt) Ltd., 2012
Acceso en línea:http://www.vlex.com/source/6875

MARC

LEADER 00000nas a22000007a 4500
005 20130118151331.0
007 cr|||| ||||
008 130118e pk z||pss|||| 00| a eng d
035 |a 6875 
040 |a vLex 
090 |c 3557  |d 3557 
245 0 0 |a Eastern Worker  |h [Recurso electrn̤ico] 
256 |a Servicio en ln̕ea 
260 |a Karachi :  |b AsiaNet Pakistan (Pvt) Ltd.,  |c 2012 
300 |a 1 Recurso electrn̤ico 
650 0 4 |2 Economa̕ 
740 |a vLex Revistas (Servicio en ln̕ea) 
856 |a Acceso restringido  |u http://www.vlex.com/source/6875 
942 |c REV 
999 0 |a Economics